00502 a2200181 450000500170000002000110001702000180002803500130004603500130005903500130007203700490008503700420013408200060017610000180018224500580020026000400025830000220029820141212120634.0 c975.00 a9780747591054 aB-211482 aG-002867 aB-211491 bRP-V V-NIL / UBH-07-08:SPL CH / RP-07-08:ENG bRP-QRP-4 / UBH-07-08:6 / RP-07-08:ENG14aN1 aRowling, J.K.1 aHarry Potter and the deathly hallowscby J.K. Rowling aLondonbBloomsvury Publishingc2007 a607 pc20 cm (HB)